verbe irréguliers en anglais - Statistiques

Statistiques générales
  • Ce quiz a été pris 138 fois
    121 depuis la dernière actualisation
  • Le résultat moyen est 46 sur 126
Statistiques - réponses
Verbe en français infinitif-simple past- past participle % Correct
être be-was-been
95%
devenir become-became-become
78%
commencer begin-began-begun
75%
construire build-built-built
72%
acheter buy-bought-bought
72%
manger eat-ate-eaten
68%
faire do-did-done
67%
conduire drive-drove-driven
67%
venir come-came-come
65%
boire drink-drank-drunk
65%
couper cut-cut-cut
63%
rêver dream-dreamt-dreamt
63%
avoir have-had-had
63%
choisir choose-chose-chosen
62%
trouver find-found-found-
62%
aller go-went-gone
62%
casser break-broke-broken
60%
apprendre learn-learnt-learnt
60%
brûler burn-burnt-burnt
58%
donner give-gave-given
58%
mettre put-put-put
58%
lire read-read-read
57%
courir run-ran-run
57%
chanter sing-sang-sung
57%
parier bet-bet-bet
55%
combattre fight-fought-fought
55%
garder keep-kept-kept
55%
(se) rencontrer meet-met-met
55%
voir see-saw-seen
55%
coûter cost-cost-cost
53%
tomber fall-fell-fallen
53%
payer pay-paid-paid
53%
tirer/ dessiner draw-drew-drawn
52%
oublier forget-forgot-forgotten
52%
dire say-said-said
52%
dormir sleep-slept-slept
52%
mordre bite-bit-bitten
50%
sentir (éprouver dans son corps) feel-felt-felt
50%
pardonner forgive-forgave-forgiven
50%
perdre lose-lost-lost
50%
souffler blow-blew-blown
48%
nourrir feed-fed-fed
48%
laisser/quitter/partir leave-left-left
48%
envoyer send-sent-sent
47%
écrire write-wrote-written
47%
attraper catch-caught-caught
45%
geler/ congeler freeze-froze-frozen
45%
entendre hear-heard-heard
45%
parler speak-spoke-spoken
45%
prendre take-took-taken
45%
saigner bleed-bled-bled
43%
vendre sell-sold-sold
43%
comprendre understand-understood-understood
43%
gagner win-won-won
43%
frapper hit-hit-hit
42%
obtenir get-got-gotten
40%
faire/ fabriquer make-made-made
40%
s'assoir sit-sat-sat
40%
penser think-thought-thought
40%
apporter bring-brought-brought
38%
sonner ring-rang-rung
38%
battre beat-beat-beaten
37%
cacher hide-hid-hidden
37%
voler (avec des ailes) fly-flew-flown
35%
chevaucher (conduire une moto ou vélo) ride-rode-ridden
35%
nager swim-swam-swum
35%
éveiller awake-awoke-awoken
33%
interdire forbid-forbade-forbidden
33%
blesser hurt-hurt-hurt
33%
signifier mean-meant-meant
33%
diffuser broadcast-broadcast-broadcast
32%
tenir hold-held-held
32%
tirer shoot-shot-shot
32%
réveiller wake-woke-woken
32%
dépenser spend-spent-spent
30%
porter (vêtement) wear-wore-worn
30%
sentir smell-smelt-smelt
28%
enseigner teach-taught-taught
28%
(faire) pousser grow-grew-grown
27%
secouer shake-shook-shaken
27%
courber/ se pencher bend-bent-bent
25%
prêter lend-lent-lent
25%
être debout stand-stood-stood
25%
voler steal-stole-stolen
25%
dire/raconter tell-told-told
25%
jeter (laisser tomber) cast-cast-cast
23%
distribuer( carte) deal-dealt-dealt
23%
creuser dig-dug-dug
23%
mener/ conduire lead-led-led
23%
laisser (faire)/ louer let-let-let
23%
demeurer/ rester abide-abode-abode
22%
allumer light-lit-lit
22%
s'élever rise-rose-risen
22%
s'élever/ surgir arise-arose-arisen
20%
éclater burst-burst-burst
20%
montrer show-showed-shown
20%
porter/ supporter bear-bore-borne
18%
élever breed-bred-bred
17%
ramper creep-crept-crept
17%
s'agenouiller kneel-knelt-knelt
17%
se tromprer mistake-mistook-mistaken
17%
lier/attacher bind-bound-bound
15%
moudre grind-ground-ground
15%
prendre/ suspendre hang-hung-hung
15%
pouvoir can-could-be abble to
13%
savoir/ connaître know-kne-known
13%
(se) pencher lean-leant-leant
13%
sauter leap-leapt-leapt
13%
lancer throw-threw-thrown
13%
supplier beseech-besought-besought
12%
s'enfuir flee-fled-fled
12%
poser/ pondre lay-laid-laid
12%
être couché lie-lay-lain
12%
s'accrocher/ s'attacher cling-clung-clung
10%
prévoir forecast-forecast-forecast
10%
juger swear-swore-sworn
10%
jeter( violamment) fling-flung-flung
8%
déchirer tear-tore-torn
7%
contempler behold-beheld-beheld
5%
ordonner/commander bid-bid-bid
5%
réprimender chide-chid-chidden
5%
fendre/ se fendre cleave-clove-cloven
5%
tailler hew-hewed-hewed
5%
survenir befall-befell-befallen
3%
oser dare-dared-dared
3%
frapper strike-struck-struck
3%
Aucun quiz correspondant
Distribution des résultats
% des personnes avec chaque résultat
Percentile par nombre de réponses
Votre historique - résultats
Vous n’avez pas pris ce quiz depuis la dernière actualisation